Discrete Mathematics for Computing / (Record no. 7778)
[ view plain ]
| 000 -LEADER | |
|---|---|
| fixed length control field | 00719cac a22001931u 4500 |
| 008 - FIXED-LENGTH DATA ELEMENTS--GENERAL INFORMATION | |
| fixed length control field | 081130t2002 xxu||||| |||| 00| 0 eng d |
| 010 ## - LIBRARY OF CONGRESS CONTROL NUMBER | |
| LC control number | 2001032889 |
| 020 ## - INTERNATIONAL STANDARD BOOK NUMBER | |
| International Standard Book Number | 0201730472 (pbk.) |
| 020 ## - INTERNATIONAL STANDARD BOOK NUMBER | |
| International Standard Book Number | 9780201730470 |
| 082 00 - DEWEY DECIMAL CLASSIFICATION NUMBER | |
| Classification number | 004.0151 |
| Item number | HAG |
| Edition number | 21 |
| 100 1# - MAIN ENTRY--PERSONAL NAME | |
| Personal name | Haggarty, Rod. |
| 245 10 - TITLE STATEMENT | |
| Title | Discrete Mathematics for Computing / |
| Statement of responsibility, etc | Rod Haggarty. |
| 260 ## - PUBLICATION, DISTRIBUTION, ETC. (IMPRINT) | |
| Place of publication, distribution, etc | Harlow, England ; |
| -- | New York : |
| Name of publisher, distributor, etc | Addison-Wesley, |
| Date of publication, distribution, etc | c2002. |
| 300 ## - PHYSICAL DESCRIPTION | |
| Extent | xii, 235 p. : |
| Other physical details | ill. ; |
| Dimensions | 24 cm. |
| 504 ## - BIBLIOGRAPHY, ETC. NOTE | |
| Bibliography, etc | Includes bibliographical references (p. 232) and index. |
| 650 #0 - SUBJECT ADDED ENTRY--TOPICAL TERM | |
| Topical term or geographic name as entry element | Computer science |
| General subdivision | Mathematics. |
| 655 ## - INDEX TERM--GENRE/FORM | |
| -- | 2185 |
| Genre/form data or focus term | Discrete mathematics prep. |
| Form subdivision | |
| General subdivision | Computer Science |
| Chronological subdivision | Semester 2. 2008/2009 |
| 942 ## - ADDED ENTRY ELEMENTS (KOHA) | |
| Item type | Book - Borrowing |
| Call number prefix | 004.0151HAG |
| Source of classification or shelving scheme | Dewey Decimal Classification |
| Withdrawn status | Item status | Source of classification or shelving scheme | Damaged status | Not for loan | Vendor | Home library | Current library | Shelving location | Date acquired | Source of acquisition | Cost, normal purchase price | Total Checkouts | Full call number | Barcode | Date last seen | Date last borrowed | Cost, replacement price | Koha item type | Total Renewals |
|---|---|---|---|---|---|---|---|---|---|---|---|---|---|---|---|---|---|---|---|
| Dewey Decimal Classification | Baccah | Central Library | Central Library | Lower Floor | 30/11/2008 | 180.00 | 1 | 004.0151 HAG | 000009262 | 15/07/2025 | 03/12/2008 | 225.00 | Book - Borrowing | ||||||
| Dewey Decimal Classification | Baccah | Central Library | Central Library | Lower Floor | 08/03/2009 | 180.00 | 1 | 004.0151 HAG | 000009250 | 15/07/2025 | 04/10/2018 | 225.00 | Book - Borrowing | 14 | |||||
| Dewey Decimal Classification | Baccah | Central Library | Central Library | Lower Floor | 08/03/2009 | 180.00 | 1 | 004.0151 HAG | 000009251 | 15/07/2025 | 03/01/2013 | 225.00 | NB - Book (Non borrowing) | ||||||
| Dewey Decimal Classification | Baccah | Central Library | Central Library | Lower Floor | 08/03/2009 | 180.00 | 6 | 004.0151 HAG | 000015397 | 15/07/2025 | 03/10/2018 | 225.00 | Book - Borrowing | 3 |